Návrh pravidiel vnútropodnikového riadenia v štátnom podniku Chemko Strážske záverečná práca postgraduálneho štúdia

Enregistré dans:
Détails bibliographiques
Auteur principal: Hliva, Vojtech
Collectivité auteur: Vysoká škola ekonomická v Bratislave
Autres auteurs: Krídla, Michal
Format: Livre
Langue:slovaque
Publié: Bratislava 1990
Tags: Ajouter un tag
Pas de tags, Soyez le premier à ajouter un tag!

MARC

LEADER 00000nam a2200000 4500
001 c033523
005 20221215070953.7
041 0 |a slo 
044 |a SK 
245 1 0 |a Návrh pravidiel vnútropodnikového riadenia v štátnom podniku Chemko Strážske  |b záverečná práca postgraduálneho štúdia  |c Vojtech Hliva ; Ved. práce Michal Krídla 
264 1 |a Bratislava  |c 1990 
300 |a 24 s. 
100 1 |a Hliva, Vojtech 
700 1 |a Krídla, Michal 
710 2 |a Vysoká škola ekonomická v Bratislave